[Event "24. Copenhagen Open  (Politiken Cup)"]
[Site "Copenhagen"]
[Date "2002.07.16"]
[Round "2"]
[White "Royset, Paal"]
[Black "Andersen, Esben"]
[Result "1-0"]
[WhiteElo "2252"]
[BlackElo "1690"]
[PlyCount "49"]
[EventDate "2002.07.15"]
[EventType "swiss"]
[EventRounds "11"]
[EventCountry "DEN"]
[SourceDate "2004.01.01"]

1. e4 c6 2. d4 d5 3. exd5 cxd5 4. Bd3 Nf6 5. h3 Nc6 6. Nf3 Qc7 7. c3 e6 8. O-O
Bd6 9. Re1 Bd7 10. a4 O-O 11. Na3 a6 12. Bg5 e5 13. dxe5 Nxe5 14. Nc2 Nxd3 15.
Qxd3 Ne4 16. Qxd5 Bc6 17. Qd3 Nxg5 18. Nxg5 g6 19. Nd4 Bd7 20. h4 Rad8 21. h5
Qc5 22. Ne4 Qe5 23. Nf3 Qg7 24. Qxd6 gxh5 25. Nf6+ 1-0

[Event "24. Copenhagen Open  (Politiken Cup)"]
[Site "Copenhagen"]
[Date "2002.07.16"]
[Round "2"]
[White "Rusanov, Alex"]
[Black "Eriksson, Magnus"]
[Result "0-1"]
[WhiteElo "1429"]
[BlackElo "2010"]
[PlyCount "92"]
[EventDate "2002.07.15"]
[EventType "swiss"]
[EventRounds "11"]
[EventCountry "DEN"]
[SourceDate "2004.01.01"]

1. e4 c5 2. Nc3 Nc6 3. g3 g6 4. Bg2 Bg7 5. Nge2 Rb8 6. d3 b5 7. Bf4 d6 8. Qc1
b4 9. Nd5 e6 10. Ne3 e5 11. Nc4 exf4 12. Nxf4 Nge7 13. Rb1 O-O 14. O-O Nd4 15.
Re1 Be6 16. b3 Nb5 17. a4 bxa3 18. Nxa3 Nc6 19. Nxe6 fxe6 20. Nxb5 Rxb5 21. f4
Bc3 22. Rf1 Nd4 23. Qd1 e5 24. Rc1 Rb7 25. Qg4 Rg7 26. Rf2 Qd7 27. Qg5 Ne6 28.
Qh6 Bd4 29. Rcf1 exf4 30. Kh1 Bxf2 31. Rxf2 Rgf7 32. Bh3 fxg3 33. Rxf7 Qxf7 34.
hxg3 Nd4 35. Qd2 Qf3+ 36. Bg2 Qh5+ 37. Kg1 Nf3+ 38. Bxf3 Qxf3 39. Qe1 g5 40. e5
Re8 41. e6 Qf6 42. Qa5 Rxe6 43. Qxa7 Re1+ 44. Kh2 Re2+ 45. Kh3 Qf5+ 46. g4 Qf3#
0-1

[Event "24. Copenhagen Open  (Politiken Cup)"]
[Site "Copenhagen"]
[Date "2002.07.16"]
[Round "2"]
[White "Sandbech, Ted"]
[Black "Petersen, Nils"]
[Result "0-1"]
[WhiteElo "1516"]
[BlackElo "2035"]
[PlyCount "54"]
[EventDate "2002.07.15"]
[EventType "swiss"]
[EventRounds "11"]
[EventCountry "DEN"]
[SourceDate "2004.01.01"]

1. Nf3 c5 2. e4 Nc6 3. Bc4 e6 4. O-O d6 5. Nc3 Nf6 6. d4 cxd4 7. Nxd4 Be7 8.
Bb5 Qc7 9. Qf3 Bd7 10. Nxc6 bxc6 11. Ba4 O-O 12. Qg3 e5 13. Kh1 Nh5 14. Qf3 g6
15. Bh6 Ng7 16. Rad1 Be6 17. Qe2 f5 18. f4 fxe4 19. Nxe4 d5 20. Ng5 Bxg5 21.
Bxg5 exf4 22. Bh6 Rae8 23. Qd2 Bg4 24. Bxf4 Rxf4 25. Rxf4 Bxd1 26. Rf1 Bg4 27.
Qd4 Bf5 0-1

[Event "24. Copenhagen Open  (Politiken Cup)"]
[Site "Copenhagen"]
[Date "2002.07.16"]
[Round "2"]
[White "Schandorff, Lars"]
[Black "Zucchelli, Massimo"]
[Result "1/2-1/2"]
[WhiteElo "2547"]
[BlackElo "2183"]
[PlyCount "43"]
[EventDate "2002.07.15"]
[EventType "swiss"]
[EventRounds "11"]
[EventCountry "DEN"]
[SourceDate "2004.01.01"]

1. Nf3 Nf6 2. c4 e6 3. g3 d5 4. d4 dxc4 5. Bg2 Nc6 6. Qa4 Bb4+ 7. Bd2 Nd5 8.
Bxb4 Ndxb4 9. a3 b5 10. Qxb5 Nc2+ 11. Kd2 Rb8 12. Qxc6+ Bd7 13. Qxc4 Nxa1 14.
b4 c5 15. Qc3 cxb4 16. axb4 O-O 17. Qxa1 Rxb4 18. Rc1 Qb6 19. Ke1 Rc8 20. Rxc8+
Bxc8 21. Nfd2 Rxd4 22. Qc3 1/2-1/2

[Event "24. Copenhagen Open  (Politiken Cup)"]
[Site "Copenhagen"]
[Date "2002.07.16"]
[Round "2"]
[White "Simonsen, Olavur"]
[Black "Frank Nielsen, Marie"]
[Result "1-0"]
[WhiteElo "2240"]
[BlackElo "1544"]
[PlyCount "85"]
[EventDate "2002.07.15"]
[EventType "swiss"]
[EventRounds "11"]
[EventCountry "DEN"]
[SourceDate "2004.01.01"]

1. e4 b6 2. d4 e6 3. Nf3 Bb7 4. Bd3 c5 5. c3 d5 6. e5 Nc6 7. O-O Qd7 8. Re1 c4
9. Bc2 O-O-O 10. b3 f6 11. exf6 gxf6 12. Qe2 cxb3 13. axb3 e5 14. dxe5 fxe5 15.
Nxe5 Nxe5 16. Qxe5 Bg7 17. Qf5 Qxf5 18. Bxf5+ Kb8 19. Bf4+ Ka8 20. Bc7 Nh6 21.
Bxd8 Rxd8 22. Bxh7 Rc8 23. Ra2 Bxc3 24. Nxc3 Rxc3 25. Rc2 Rxc2 26. Bxc2 Kb8 27.
Re6 Nf7 28. Re8+ Bc8 29. Bf5 Nd6 30. Rxc8+ Nxc8 31. Bxc8 Kxc8 32. Kf1 Kd7 33.
Ke2 a5 34. Kd3 Kd6 35. h4 b5 36. h5 Ke6 37. h6 Kf6 38. g4 Kg6 39. g5 a4 40.
bxa4 bxa4 41. Kc3 a3 42. Kb3 d4 43. Kxa3 1-0

[Event "24. Copenhagen Open  (Politiken Cup)"]
[Site "Copenhagen"]
[Date "2002.07.16"]
[Round "2"]
[White "Spanton, Timothy"]
[Black "Jorgensen, Orla"]
[Result "1-0"]
[WhiteElo "2008"]
[BlackElo "1420"]
[PlyCount "101"]
[EventDate "2002.07.15"]
[EventType "swiss"]
[EventRounds "11"]
[EventCountry "DEN"]
[SourceDate "2004.01.01"]

1. Nf3 d5 2. c4 Nf6 3. cxd5 Qxd5 4. Nc3 Qa5 5. e4 Nc6 6. Bc4 Bg4 7. Qb3 O-O-O
8. d3 Bxf3 9. gxf3 Nd4 10. Qd1 e6 11. Be3 Bc5 12. a3 Bb6 13. f4 Nc6 14. b4 Qh5
15. Qxh5 Nxh5 16. O-O-O Nd4 17. Rhg1 g6 18. a4 a5 19. bxa5 Bxa5 20. Bxd4 Rxd4
21. Nb5 Rd7 22. f5 exf5 23. exf5 Nf4 24. Rg4 Ne2+ 25. Kb2 c6 26. Na3 Nc3 27.
Rdg1 Nxa4+ 28. Kc2 Re8 29. Be6 fxe6 30. Rxa4 Bc7 31. Ra8+ Bb8 32. Nc4 Kc7 33.
fxg6 Rg7 34. Ne5 hxg6 35. d4 b5 36. Ra6 Kb7 37. Rga1 Kc8 38. Rxc6+ Rc7 39. Raa6
g5 40. Kb3 Rxc6 41. Rxc6+ Kb7 42. Rc5 Ka6 43. Nf3 g4 44. Ne5 Bxe5 45. Rxe5 Ka5
46. d5 Rf8 47. dxe6 Rxf2 48. e7 Rf3+ 49. Kc2 Rf2+ 50. Kd3 Rf3+ 51. Ke4 1-0

[Event "24. Copenhagen Open  (Politiken Cup)"]
[Site "Copenhagen"]
[Date "2002.07.16"]
[Round "2"]
[White "Svensson, Bengt"]
[Black "Olsson, Tomas"]
[Result "1/2-1/2"]
[WhiteElo "2398"]
[BlackElo "2109"]
[PlyCount "46"]
[EventDate "2002.07.15"]
[EventType "swiss"]
[EventRounds "11"]
[EventCountry "DEN"]
[SourceDate "2004.01.01"]

1. e4 e5 2. Nf3 Nc6 3. Nc3 Nf6 4. Bb5 Bb4 5. O-O O-O 6. d3 d6 7. Bg5 Bxc3 8.
bxc3 Qe7 9. Re1 Nd8 10. d4 Ne6 11. Bc1 a6 12. Bd3 Nd7 13. g3 h6 14. Be3 g5 15.
h4 f6 16. Kg2 Rf7 17. Rh1 Rh7 18. Nh2 Ndf8 19. hxg5 hxg5 20. Qf3 Nf4+ 21. gxf4
Bh3+ 22. Qxh3 Rxh3 23. Kxh3 exf4 1/2-1/2

[Event "24. Copenhagen Open  (Politiken Cup)"]
[Site "Copenhagen"]
[Date "2002.07.16"]
[Round "2"]
[White "Sylvan, Jacob"]
[Black "Tollefsen, Vegard"]
[Result "1/2-1/2"]
[WhiteElo "2259"]
[BlackElo "1699"]
[PlyCount "44"]
[EventDate "2002.07.15"]
[EventType "swiss"]
[EventRounds "11"]
[EventCountry "DEN"]
[SourceDate "2004.01.01"]

1. e4 e5 2. Nf3 Nf6 3. Nc3 Nc6 4. Bb5 Nd4 5. Ba4 Bc5 6. O-O O-O 7. d3 d6 8.
Nxd4 Bxd4 9. h3 h6 10. Kh1 Nh7 11. Ne2 Bb6 12. f4 f5 13. Bb3+ Kh8 14. Bd2 fxe4
15. dxe4 Bg4 16. f5 Qh4 17. Qe1 Qxe1 18. Raxe1 Bh5 19. g4 Bf7 20. Bxf7 Rxf7 21.
Bc3 Ng5 22. Ng1 Bxg1 1/2-1/2

[Event "24. Copenhagen Open  (Politiken Cup)"]
[Site "Copenhagen"]
[Date "2002.07.16"]
[Round "2"]
[White "Taksrud, Vidar"]
[Black "Madsen, Simon Rise"]
[Result "1-0"]
[WhiteElo "1888"]
[BlackElo "1202"]
[PlyCount "31"]
[EventDate "2002.07.15"]
[EventType "swiss"]
[EventRounds "11"]
[EventCountry "DEN"]
[SourceDate "2004.01.01"]

1. d4 d5 2. Nf3 Nf6 3. c4 e6 4. Nc3 Nc6 5. Bg5 Be7 6. e3 O-O 7. Rc1 h6 8. Bh4
b6 9. Bxf6 Bxf6 10. cxd5 exd5 11. Qa4 Bd7 12. Nxd5 Nxd4 13. Nxf6+ Qxf6 14. Qxd4
Qe7 15. Rxc7 Rfd8 16. Ne5 1-0

[Event "24. Copenhagen Open  (Politiken Cup)"]
[Site "Copenhagen"]
[Date "2002.07.16"]
[Round "2"]
[White "Tozer, Richard"]
[Black "Moller, Arne"]
[Result "1-0"]
[WhiteElo "2312"]
[BlackElo "1808"]
[PlyCount "61"]
[EventDate "2002.07.15"]
[EventType "swiss"]
[EventRounds "11"]
[EventCountry "DEN"]
[SourceDate "2004.01.01"]

1. d4 Nf6 2. Nc3 d5 3. Bg5 h6 4. Bxf6 exf6 5. e3 c6 6. Bd3 Bd6 7. Qf3 Qb6 8.
Rb1 Be6 9. Nge2 Qc7 10. Nf4 Bxf4 11. exf4 f5 12. O-O Nd7 13. Rfe1 O-O-O 14. b4
g5 15. b5 g4 16. Qe3 c5 17. dxc5 Qxc5 18. Qd2 Nb6 19. Ne2 Nc4 20. Qc3 d4 21.
Qb4 b6 22. Ng3 Nd6 23. a4 h5 24. Re5 Qxb4 25. Rxb4 h4 26. Ne2 Nb7 27. Nxd4 Nc5
28. Bxf5 Bxf5 29. Rxf5 Ne6 30. Rc4+ Kd7 31. Nc6 1-0

[Event "24. Copenhagen Open  (Politiken Cup)"]
[Site "Copenhagen"]
[Date "2002.07.16"]
[Round "2"]
[White "Trarup, Jorgen"]
[Black "Hansen, Martin Holmegaard"]
[Result "0-1"]
[WhiteElo "1270"]
[BlackElo "1926"]
[PlyCount "98"]
[EventDate "2002.07.15"]
[EventType "swiss"]
[EventRounds "11"]
[EventCountry "DEN"]
[SourceDate "2004.01.01"]

1. e4 Nf6 2. Nc3 d5 3. exd5 Nxd5 4. Nxd5 Qxd5 5. Qf3 Qe5+ 6. Qe3 Nc6 7. Nf3
Qxe3+ 8. dxe3 Nb4 9. Bd3 Nxd3+ 10. cxd3 b6 11. Nd4 Ba6 12. Ke2 e5 13. Nc6 f6
14. Bd2 Bb5 15. Rac1 a5 16. Nxe5 fxe5 17. Rxc7 Rd8 18. Rhc1 Bxd3+ 19. Ke1 Bf5
20. R1c6 Rb8 21. f3 Bd7 22. Rc4 Bd6 23. Ra7 Rf8 24. Rh4 h6 25. Bc3 Rf7 26. Rh5
Re7 27. Kf2 Kf7 28. a3 Rbe8 29. Rb7 Rb8 30. Ra7 Ke6 31. Rh4 Bc6 32. Rxe7+ Bxe7
33. Rg4 Bf6 34. Re4 Rc8 35. Rg4 h5 36. Rc4 Kd5 37. b3 b5 38. e4+ Kd6 39. Rxc6+
Rxc6 40. Bxa5 Rc2+ 41. Kg3 Rb2 42. h4 Rxb3 43. Bb4+ Rxb4 44. axb4 Ke6 45. Kh3
Be7 46. g4 g6 47. Kg3 Bxb4 48. Kf2 Be7 49. Kg3 b4 0-1

[Event "24. Copenhagen Open  (Politiken Cup)"]
[Site "Copenhagen"]
[Date "2002.07.16"]
[Round "2"]
[White "Tretvold, Martin"]
[Black "Holm, Sejer"]
[Result "0-1"]
[WhiteElo "1801"]
[BlackElo "2321"]
[PlyCount "98"]
[EventDate "2002.07.15"]
[EventType "swiss"]
[EventRounds "11"]
[EventCountry "DEN"]
[SourceDate "2004.01.01"]

1. e4 c5 2. c3 Nf6 3. e5 Nd5 4. d4 cxd4 5. Nf3 d6 6. exd6 Qxd6 7. Nxd4 a6 8.
Na3 e6 9. Nc4 Qc7 10. Qf3 b5 11. Nd2 Bb7 12. Qg3 Qxg3 13. hxg3 Nd7 14. Be2 Be7
15. N2f3 O-O 16. Bg5 N5f6 17. O-O h6 18. Bd2 Ne4 19. Be3 Ndc5 20. Nd2 Na4 21.
Rab1 Nxd2 22. Bxd2 Be4 23. Rbe1 Nxb2 24. Bxb5 Bxg2 25. Kxg2 axb5 26. Nxb5 Rxa2
27. Ra1 Rfa8 28. Rxa2 Rxa2 29. Rb1 Nc4 30. Be1 Bc5 31. Nd4 Bxd4 32. cxd4 Ne3+
33. Kf3 Nd5 34. Rb8+ Kh7 35. Rb7 Kg6 36. Rb3 h5 37. Rd3 Kf5 38. Rb3 g5 39. Rb7
f6 40. Rb3 g4+ 41. Kg2 Ke4 42. Rb8 Ne3+ 43. Kh2 Re2 44. Ba5 Rxf2+ 45. Kh1 Kf3
46. Rb3 h4 47. Bc7 hxg3 48. Bxg3 Kxg3 49. Rxe3+ Rf3 0-1

[Event "24. Copenhagen Open  (Politiken Cup)"]
[Site "Copenhagen"]
[Date "2002.07.16"]
[Round "2"]
[White "Vang, Finnbjorn"]
[Black "Richards, Heather"]
[Result "1/2-1/2"]
[WhiteElo "1937"]
[BlackElo "2275"]
[PlyCount "139"]
[EventDate "2002.07.15"]
[EventType "swiss"]
[EventRounds "11"]
[EventCountry "DEN"]
[SourceDate "2004.01.01"]

1. e4 e6 2. d4 d5 3. exd5 exd5 4. Bd3 Nc6 5. c3 Bd6 6. Nf3 Bg4 7. h3 Bh5 8. O-O
Nge7 9. Be3 Qd7 10. Nbd2 O-O-O 11. Re1 f6 12. a3 g5 13. c4 g4 14. Nh4 dxc4 15.
Bxc4 Kb8 16. Ne4 Rdf8 17. Bh6 Ng6 18. Bxf8 Rxf8 19. Nxg6 hxg6 20. hxg4 Bxg4 21.
f3 Bf5 22. Bb5 Rh8 23. Nxd6 Qxd6 24. Bxc6 bxc6 25. Kf2 c5 26. Qb3+ Kc8 27. dxc5
Qd4+ 28. Re3 Qh4+ 29. Ke2 Qh2 30. Kf2 Qh4+ 31. Kf1 Qg3 32. Kg1 Qh2+ 33. Kf2
Qh4+ 34. Ke2 Qh2 35. Rf1 Rd8 36. c6 Qxg2+ 37. Rf2 Rd2+ 38. Kxd2 Qxf2+ 39. Kc1
Qg1+ 40. Kd2 Qf2+ 41. Kd1 Bc2+ 42. Qxc2 Qxe3 43. Qc4 Qxf3+ 44. Kc1 Qe3+ 45. Kb1
Qe8 46. Qb5 Qe4+ 47. Ka1 Qe1+ 48. Ka2 Qe6+ 49. Ka1 Qe1+ 50. Ka2 Qe5 51. Qc4 Kd8
52. Qf7 Qd6 53. Qg8+ Ke7 54. Qg7+ Ke6 55. Qxg6 Qd5+ 56. Ka1 Qh1+ 57. Ka2 Qxc6
58. Qg4+ Kd6 59. Qg3+ Kd7 60. Qg7+ Kc8 61. Qg8+ Kb7 62. Qb3+ Ka6 63. Qd3+ Qb5
64. Qd8 Qc4+ 65. Ka1 Qc1+ 66. Ka2 Qc6 67. Qc8+ Kb6 68. Qb8+ Qb7 69. Qd8 Qf3 70.
Qb8+ 1/2-1/2

[Event "24. Copenhagen Open  (Politiken Cup)"]
[Site "Copenhagen"]
[Date "2002.07.16"]
[Round "2"]
[White "Volokitin, Alexander"]
[Black "Skovgaard, Tom"]
[Result "0-1"]
[WhiteElo "1600"]
[BlackElo "2074"]
[PlyCount "64"]
[EventDate "2002.07.15"]
[EventType "swiss"]
[EventRounds "11"]
[EventCountry "DEN"]
[SourceDate "2004.01.01"]

1. e4 Nf6 2. e5 Nd5 3. d4 d6 4. c4 Nb6 5. exd6 cxd6 6. Nc3 g6 7. Nf3 Bg7 8. Be3
Nc6 9. Rc1 Bg4 10. Be2 O-O 11. O-O d5 12. c5 Nc8 13. h3 Bxf3 14. Bxf3 e6 15.
Qd2 N8e7 16. a3 Nf5 17. Ne2 Nxe3 18. fxe3 Bh6 19. b4 a6 20. Nc3 Qg5 21. Rce1
Bg7 22. Qf2 f5 23. Bd1 Qh6 24. Kh1 f4 25. exf4 Bxd4 26. Qf3 Bxc3 27. Qxc3 Rxf4
28. Rxf4 Qxf4 29. Rxe6 Qf1+ 30. Kh2 Qxd1 31. Qg3 Qd4 32. h4 Rf8 0-1

[Event "24. Copenhagen Open  (Politiken Cup)"]
[Site "Copenhagen"]
[Date "2002.07.16"]
[Round "2"]
[White "Ward, Christopher"]
[Black "Petkovic, Peter"]
[Result "1/2-1/2"]
[WhiteElo "2498"]
[BlackElo "2151"]
[PlyCount "88"]
[EventDate "2002.07.15"]
[EventType "swiss"]
[EventRounds "11"]
[EventCountry "DEN"]
[SourceDate "2004.01.01"]

1. d4 Nf6 2. c4 g6 3. f3 Bg7 4. e4 d6 5. Be3 c6 6. Qd2 a6 7. Nc3 b5 8. O-O-O
Qa5 9. e5 b4 10. exf6 bxc3 11. fxg7 cxd2+ 12. Bxd2 Qxd2+ 13. Rxd2 Rg8 14. f4
Nd7 15. g3 c5 16. d5 Nf6 17. Nf3 Ne4 18. Re2 Bg4 19. Bg2 f5 20. Re3 Bxf3 21.
Bxf3 Nf6 22. Rb3 Ra7 23. Re1 Rxg7 24. Rb6 Kf7 25. Re3 g5 26. fxg5 Rxg5 27. Ra3
Ng4 28. h4 Rg8 29. Rbxa6 Rxa6 30. Rxa6 Ne5 31. Ra3 Nxc4 32. Rc3 Nb6 33. Re3 Kf8
34. Bg2 f4 35. Rf3 Nxd5 36. Rf2 Nf6 37. gxf4 Kf7 38. a4 d5 39. Rd2 e6 40. f5
Ra8 41. b3 c4 42. Kc2 cxb3+ 43. Kxb3 exf5 44. Rxd5 Rxa4 1/2-1/2

[Event "24. Copenhagen Open  (Politiken Cup)"]
[Site "Copenhagen"]
[Date "2002.07.17"]
[Round "3"]
[White "Adamski, Jan"]
[Black "Howe, Dennis"]
[Result "1-0"]
[WhiteElo "2304"]
[BlackElo "2052"]
[PlyCount "81"]
[EventDate "2002.07.15"]
[EventType "swiss"]
[EventRounds "11"]
[EventCountry "DEN"]
[SourceDate "2004.01.01"]

1. Nf3 Nf6 2. c4 e6 3. g3 b6 4. Bg2 Bb7 5. O-O d5 6. d4 Nbd7 7. cxd5 Bxd5 8.
Nc3 Bb7 9. Bg5 Be7 10. Bxf6 Bxf6 11. e4 O-O 12. Qc2 Rc8 13. e5 Bxf3 14. Bxf3
Be7 15. Nb5 c5 16. Nxa7 cxd4 17. Qxc8 Qxc8 18. Nxc8 Rxc8 19. Rac1 Rxc1 20. Rxc1
Nxe5 21. Rc8+ Bf8 22. Be2 d3 23. Bd1 g5 24. f4 gxf4 25. gxf4 Ng6 26. f5 Nf4 27.
fxe6 fxe6 28. Kf2 Kf7 29. Ke3 Bd6 30. Bb3 Kf6 31. Bc4 h5 32. Rc6 Be5 33. Rxb6
h4 34. a4 Ng2+ 35. Kxd3 Bxh2 36. Rxe6+ Kf5 37. Rh6 Bf4 38. Rh7 Kg4 39. Bd5 Ne3
40. Be6+ Kg3 41. a5 1-0

[Event "24. Copenhagen Open  (Politiken Cup)"]
[Site "Copenhagen"]
[Date "2002.07.17"]
[Round "3"]
[White "Andersen, Esben"]
[Black "Jorgensen, Dennis"]
[Result "1/2-1/2"]
[WhiteElo "1690"]
[BlackElo "2097"]
[PlyCount "130"]
[EventDate "2002.07.15"]
[EventType "swiss"]
[EventRounds "11"]
[EventCountry "DEN"]
[SourceDate "2004.01.01"]

1. c4 Nf6 2. Nc3 c5 3. g3 g6 4. Bg2 Bg7 5. d3 O-O 6. e4 d6 7. Nge2 Nc6 8. O-O
a6 9. Rb1 Rb8 10. f3 b5 11. b3 Bd7 12. Bg5 Ne8 13. Qd2 Nc7 14. Nd5 Ne6 15. Bh6
Ncd4 16. Bxg7 Kxg7 17. Ne3 Nxe2+ 18. Qxe2 Nd4 19. Qd2 e6 20. f4 f5 21. exf5
gxf5 22. Qd1 Kh8 23. Nc2 Qf6 24. Nxd4 Qxd4+ 25. Rf2 a5 26. Qd2 a4 27. Qb2 Qxb2
28. Rbxb2 Kg7 29. Bf3 Kf6 30. Rfd2 Ke7 31. Kf2 Rfc8 32. h3 bxc4 33. bxc4 h6 34.
g4 Kf6 35. Ke3 Rg8 36. Kf2 e5 37. fxe5+ dxe5 38. gxf5 Bxf5 39. Rxb8 Rxb8 40. h4
a3 41. Bd1 Rd8 42. Ke3 Rd4 43. h5 e4 44. Bc2 exd3 45. Bxd3 Bxd3 46. Rxd3 Rxc4
47. Rxa3 Kg5 48. Ra5 Kxh5 49. Kd3 Rc1 50. Kd2 Ra1 51. Rxc5+ Kg4 52. Ra5 h5 53.
Ke2 h4 54. Kf2 Kh3 55. Ra3+ Kh2 56. Ra4 h3 57. Ra3 Rc1 58. Ra8 Rc5 59. a4 Rf5+
60. Ke3 Kh1 61. Rg8 Rf1 62. a5 Rg1 63. Rc8 Kg2 64. Rg8+ Kf1 65. Rf8+ Kg2
1/2-1/2

[Event "24. Copenhagen Open  (Politiken Cup)"]
[Site "Copenhagen"]
[Date "2002.07.17"]
[Round "3"]
[White "Andersen, Ib Hother"]
[Black "Matamoros Franco, Carlos S"]
[Result "0-1"]
[WhiteElo "2160"]
[BlackElo "2473"]
[PlyCount "22"]
[EventDate "2002.07.15"]
[EventType "swiss"]
[EventRounds "11"]
[EventCountry "DEN"]
[SourceDate "2004.01.01"]

1. e4 e6 2. d4 d5 3. Nc3 Bb4 4. a3 Bxc3+ 5. bxc3 dxe4 6. Qg4 Nf6 7. Qxg7 Rg8 8.
Qh6 Nbd7 9. Bg5 Qe7 10. Ne2 b6 11. Ng3 Ng4 0-1

[Event "24. Copenhagen Open  (Politiken Cup)"]
[Site "Copenhagen"]
[Date "2002.07.17"]
[Round "3"]
[White "Andreasen, Bjarke"]
[Black "Norton, Craig"]
[Result "0-1"]
[WhiteElo "1616"]
[BlackElo "1832"]
[PlyCount "68"]
[EventDate "2002.07.15"]
[EventType "swiss"]
[EventRounds "11"]
[EventCountry "DEN"]
[SourceDate "2004.01.01"]

1. d4 Nf6 2. Nf3 d5 3. c4 e6 4. Bg5 Be7 5. e3 O-O 6. Nc3 h6 7. Bh4 b6 8. Rc1
Bb7 9. cxd5 Nxd5 10. Nxd5 exd5 11. Bxe7 Qxe7 12. Bd3 c5 13. Bb1 Nd7 14. O-O
Rfc8 15. Qb3 c4 16. Qc2 g6 17. Rce1 b5 18. Nd2 b4 19. f4 c3 20. Nf3 cxb2 21.
Qxb2 Ba6 22. Rf2 Rc3 23. Ne5 Nxe5 24. fxe5 Rac8 25. Qd2 Qc7 26. Rf6 Bb5 27. Kf2
Rc1 28. Qxb4 Rxe1 29. Kxe1 Qc1+ 30. Kf2 Rc3 31. Rf3 Qf1+ 32. Kg3 Qe1+ 33. Kh3
g5 34. Rg3 Bd7+ 0-1

[Event "24. Copenhagen Open  (Politiken Cup)"]
[Site "Copenhagen"]
[Date "2002.07.17"]
[Round "3"]
[White "Bilfeldt, Anders"]
[Black "Abdagic, Edib"]
[Result "0-1"]
[WhiteElo "1287"]
[BlackElo "1832"]
[PlyCount "98"]
[EventDate "2002.07.15"]
[EventType "swiss"]
[EventRounds "11"]
[EventCountry "DEN"]
[SourceDate "2004.01.01"]

1. d4 d5 2. c4 e6 3. Nc3 Nf6 4. Nf3 Nbd7 5. Bg5 c6 6. e3 Qa5 7. Bxf6 Nxf6 8.
Nd2 Be7 9. Nb3 Qd8 10. cxd5 exd5 11. Bd3 O-O 12. O-O Re8 13. Qc2 Bd6 14. h3 Bd7
15. Bf5 Rc8 16. Nd2 c5 17. Nf3 cxd4 18. Nxd4 Ne4 19. Bxd7 Qxd7 20. Qd3 Nxc3 21.
bxc3 Bb8 22. f4 Qc7 23. Nf5 Qc5 24. Rae1 g6 25. Nh6+ Kg7 26. Ng4 h5 27. Nf2 Re6
28. e4 Bxf4 29. exd5 Rxe1 30. Rxe1 Qxc3 31. Qe2 Bg3 32. Rf1 Qd4 33. Qf3 Rc3 34.
Qe2 Re3 35. Qc2 h4 36. Kh1 Qc3 37. Qxc3+ Rxc3 38. Ne4 Rd3 39. d6 f5 40. Nxg3
hxg3 41. Rc1 Rxd6 42. Kg1 Rd2 43. Kf1 Rf2+ 44. Ke1 Rxg2 45. Rc7+ Kf6 46. Rxb7
Rxa2 47. Kf1 f4 48. Rb3 a5 49. Rb6+ Kg5 0-1

[Event "24. Copenhagen Open  (Politiken Cup)"]
[Site "Copenhagen"]
[Date "2002.07.17"]
[Round "3"]
[White "Bjerke, Silje"]
[Black "Carstensen, Jacob"]
[Result "1/2-1/2"]
[WhiteElo "2064"]
[BlackElo "2246"]
[PlyCount "22"]
[EventDate "2002.07.15"]
[EventType "swiss"]
[EventRounds "11"]
[EventCountry "DEN"]
[SourceDate "2004.01.01"]

1. d4 d5 2. c4 e5 3. dxe5 d4 4. Nf3 Nc6 5. a3 Be6 6. e3 Bg4 7. Be2 dxe3 8. Bxe3
Bxf3 9. Bxf3 Qxd1+ 10. Bxd1 Nxe5 11. Be2 Nf6 1/2-1/2

[Event "24. Copenhagen Open  (Politiken Cup)"]
[Site "Copenhagen"]
[Date "2002.07.17"]
[Round "3"]
[White "Bogdanov, Dimitri"]
[Black "Raunkjar, Jonas"]
[Result "1/2-1/2"]
[WhiteElo "2096"]
[BlackElo "1702"]
[PlyCount "61"]
[EventDate "2002.07.15"]
[EventType "swiss"]
[EventRounds "11"]
[EventCountry "DEN"]
[SourceDate "2004.01.01"]

1. e4 e5 2. Nf3 Nc6 3. Bb5 a6 4. Ba4 Nf6 5. O-O b5 6. Bb3 Nxe4 7. d4 d5 8. dxe5
Be6 9. c3 Bc5 10. Nbd2 Nxd2 11. Bxd2 O-O 12. Bf4 Qd7 13. Qd3 Ne7 14. Nd4 Bb6
15. Bc2 Ng6 16. b4 Bxd4 17. cxd4 Bf5 18. Qxf5 Qxf5 19. Bxf5 Nxf4 20. Rfd1 a5
21. bxa5 Rxa5 22. Rd2 Rfa8 23. g3 Ne6 24. Bxe6 fxe6 25. Rb1 Rxa2 26. Rxa2 Rxa2
27. Rxb5 Ra4 28. Rc5 Rxd4 29. Rxc7 Re4 30. f4 g5 31. Re7 1/2-1/2

[Event "24. Copenhagen Open  (Politiken Cup)"]
[Site "Copenhagen"]
[Date "2002.07.17"]
[Round "3"]
[White "Bogdanov, Max"]
[Black "Draeger, Michael"]
[Result "0-1"]
[WhiteElo "1302"]
[BlackElo "1549"]
[PlyCount "50"]
[EventDate "2002.07.15"]
[EventType "swiss"]
[EventRounds "11"]
[EventCountry "DEN"]
[SourceDate "2004.01.01"]

1. d4 Nf6 2. c4 c5 3. d5 d6 4. Nc3 g6 5. e4 Bg7 6. Bd3 O-O 7. Nf3 Na6 8. O-O
Bd7 9. Re1 Nc7 10. Bf4 Nh5 11. Qc1 Nxf4 12. Qxf4 e5 13. dxe6 Bxe6 14. Rab1 f5
15. Qg5 fxe4 16. Rxe4 Bf5 17. Qf4 Ne6 18. Qe3 Bxe4 19. Qxe4 Nf4 20. Bc2 Qd7 21.
Qe3 Rae8 22. Qd2 Qg4 23. g3 Nh3+ 24. Kg2 Qxf3+ 25. Kxh3 Re5 0-1

[Event "24. Copenhagen Open  (Politiken Cup)"]
[Site "Copenhagen"]
[Date "2002.07.17"]
[Round "3"]
[White "Brinck Claussen, Bjorn"]
[Black "Tolstrup, Thomas"]
[Result "1/2-1/2"]
[WhiteElo "2369"]
[BlackElo "2074"]
[PlyCount "63"]
[EventDate "2002.07.15"]
[EventType "swiss"]
[EventRounds "11"]
[EventCountry "DEN"]
[SourceDate "2004.01.01"]

1. e4 e6 2. d4 d5 3. Nd2 c5 4. exd5 exd5 5. Bb5+ Bd7 6. Qe2+ Be7 7. dxc5 Nf6 8.
Nb3 O-O 9. Be3 Re8 10. O-O-O a6 11. Bxd7 Nbxd7 12. Qf3 Rc8 13. Ne2 Nxc5 14.
Nxc5 Bxc5 15. Bxc5 Rxc5 16. Nd4 Qc7 17. Kb1 Qe5 18. Rd3 Rc4 19. c3 Qe4 20. Rhd1
Ng4 21. Qg3 Ne5 22. f3 Qxd3+ 23. Rxd3 Nxd3 24. Nf5 g6 25. Nd6 Re2 26. Nxc4 dxc4
27. Qb8+ Kg7 28. Qxb7 Rxg2 29. Qxa6 Rxb2+ 30. Ka1 Rc2 31. a4 Rc1+ 32. Ka2
1/2-1/2

[Event "24. Copenhagen Open  (Politiken Cup)"]
[Site "Copenhagen"]
[Date "2002.07.17"]
[Round "3"]
[White "Brondum, Eric"]
[Black "Casagrande, Fabio"]
[Result "1-0"]
[WhiteElo "2219"]
[BlackElo "2035"]
[PlyCount "37"]
[EventDate "2002.07.15"]
[EventType "swiss"]
[EventRounds "11"]
[EventCountry "DEN"]
[SourceDate "2004.01.01"]

1. d4 Nf6 2. Nf3 e6 3. e3 b6 4. Bd3 Bb7 5. Nbd2 d6 6. Qe2 c5 7. c3 Nbd7 8. O-O
Be7 9. Re1 O-O 10. e4 cxd4 11. cxd4 e5 12. Nb3 h6 13. Bd2 exd4 14. Nfxd4 Nc5
15. Nxc5 dxc5 16. Nf5 Re8 17. Bc3 Bf8 18. Rad1 Nd5 19. Qg4 1-0

[Event "24. Copenhagen Open  (Politiken Cup)"]
[Site "Copenhagen"]
[Date "2002.07.17"]
[Round "3"]
[White "Christensen, Christian"]
[Black "Korolev, Nikolaj"]
[Result "0-1"]
[WhiteElo "2131"]
[BlackElo "1964"]
[PlyCount "80"]
[EventDate "2002.07.15"]
[EventType "swiss"]
[EventRounds "11"]
[EventCountry "DEN"]
[SourceDate "2004.01.01"]

1. e4 c5 2. Nc3 Nc6 3. g3 g6 4. Bg2 Bg7 5. d3 e6 6. Be3 Nd4 7. Qd2 Rb8 8. Nd1
d6 9. c3 Nc6 10. f4 Nge7 11. Nf3 O-O 12. O-O b5 13. d4 cxd4 14. cxd4 Qa5 15.
Rf2 d5 16. e5 Bd7 17. Ne1 Rfc8 18. Nd3 Nf5 19. Nc5 Be8 20. Nb3 Qb6 21. g4 Nxe3
22. Nxe3 a5 23. Rd1 a4 24. Nc1 Qxd4 25. Qe1 Qb6 26. Nd3 Na5 27. f5 Nc4 28. Nxc4
Rxc4 29. Bh3 Re4 30. Qf1 Rc8 31. Kg2 Rc7 32. fxe6 fxe6 33. g5 Rf7 34. Rf6 Bxf6
35. exf6 Qe3 36. Bxe6 Rxe6 37. Nf4 Re4 38. Nxd5 Rg4+ 39. Kh1 Qe4+ 40. Qg2 Qxg2#
0-1